000 00531nam a2200193Ia 4500
003 GCL
008 140319s9999 xx 000 0 eng d
040 _aGCL /
_cGCL
082 0 4 _a759.44
_bD A
100 1 _aDUBREUCQ, PATRICK
245 1 0 _aALEXANDER ROUBTZOFF ( 1884 - 1949 ) UNE VIE EN TUNISIE /
_cDUBREUCQ, PATRICK
260 _a[S.N] :
_bACR EDITION INERNAIONALE ،
_c1996
300 _a264 P
650 0 4 _aARTS
650 0 4 _aART, FRANCE
650 0 4 _aFRANCE - PAINTERS
650 0 4 _aFRANCE - PAINTING
942 _2ddc
_cBK
999 _c15929
_d15929